00449nam a2200157Ia 4500003000400000008004100004040001600045082001600061100002400077245006000101700002400161700002200185260004900207300001000256650002500266GCL140319s9999 xx 000 0 eng d aGCL / cGCL04a620.112bBA1 aSCHMIDT, RICHARD J.10aADVANCED MECHANICS OF MATERIALS / cSCHMIDT, RICHARD J.1 aSIDEBOTTOM, OMER M.1 aBORESI, ARTHUR P. a[S.N] : bJOHN WILEY AND SONS. INC ، c1993 a809 P04aSTRENGTH - MATERIALS